LDR 00948naa#a2200193#i#450# 001 RU\\bibl\124527 005 20260602064539.2 011 ## _a2588-0209 100 ## _a20260601b2026####ek#y0rusy0150####ca 102 ## _aRU 200 1# _aПриживаемость сосны обыкновенной (Pinus sylvestris L.) при компенсационном лесовосстановлении в условиях горного улуса Республики Саха (Якутия) _eЖурнальная статья 210 1# _aМосква _cЭлектронная наука _d2026 215 ## _a10 с. 608 ## _aЖурнальная статья _2local 675 ## _aЛесное хозяйство. Лесоводство. 630 _z 700 #1 _aВинокуров _gМихаил Данилович 700 #1 _aНиколаева _gФевронья Васильевна 700 #1 _aПетрова _gСветлана Анатольевна 856 4# _aiacj.ru _u